000 00670nam a2200217 i 4500
001 124547
003 ES-MaACL
007 t|
008 070329s1933 sp ||||1| spa d
100 1 _aWitte, Erich.
_9117174
245 1 3 _aLa escuela única /
_cErich Witte, Everardo Backheuser ; traducción de Luis Sánchez Sarto.
260 _aBarcelona :
_bLabor,
_c[1933]
300 _a213 p. ;
_c17 cm.
490 1 _aColección Labor ;
_v312
650 1 4 _aEscuela única.
_912410
700 1 _aBackheuser, Everardo.
_924504
700 1 _aSánchez Sarto, Luis.
_9102930
830 0 0 _aColección Labor
_v312
_9184254
852 _aES-MaACL
_jE-2803
999 _c124547
_d124547